Score 0/20 Timer 05:00
1 Play Today
% Correct
Brad Pitt and Angelina Jolie
96.7%
Tom Cruise
84.3%
John Travolta
82.6%
William and Kate
82.2%
Britney Spears
80.2%
Jennifer Aniston
79.1%
Miley Cyrus
77.5%
Sarah Jessica Parker
77.3%
Johnny Depp
73.8%
Rihanna
72.6%
% Correct
Mariah Carey
71.9%
Nicole Kidman
66.6%
Jennifer Lopez
64.7%
Madonna
61.4%
Paris Hilton
61.1%
Scarlett Johansson
58.2%
Gwyneth Paltrow
57.2%
Lady Gaga
50.1%
Kate Winslet
49%
David and Victoria Beckham
42.5%
Remove Ads.
Support Sporcle.
Get the best of Sporcle when you Go Orange. This ad-free experience offers more features, more stats, and more fun while also helping to support Sporcle. Thank you for becoming a member.

You're not logged in!

Compare scores with friends on all Sporcle quizzes.
OR
Log In

Show Comments

Extras

Top Quizzes Today


Score Distribution

Your Account Isn't Verified!

In order to create a playlist on Sporcle, you need to verify the email address you used during registration. Go to your Sporcle Settings to finish the process.

Report this User

Report this user for behavior that violates our Community Guidelines.

Details: